000 00358nam a2200157Ia 4500
008 160316s9999 xxu||||| |||| 00| 0 eng d
082 _a338.100000
_bRAO
100 _aRao Radhakrishna
245 _aTryst with eco-crisis
250 _a
260 _a
_b
_c0
300 _a2
_b
_c
365 _b
650 _a1. Farming - cultivation - land
700 _a
_a
999 _c39743
_d39743